000 nam a22 7a 4500
999 _c8357
_d8357
008 180112b ||||| |||| 00| 0 eng d
100 _94771
_aLAL.K ET AL
245 _aLEARNING SCIENCE-3
260 _aNEW DELHI
_bABD
_c2014